The song of Roland /

Bibliographic Details
Uniform Title:Chanson de Roland.
Other Authors: Scott-Moncrieff, C. K. (Charles Kenneth), 1889-1930, Miles, Hamish, 1894-1937, Angelo, Valenti
Format: Book
Language:English
French
Published: New York : Heritage Press, [1955?]
Subjects:

MARC

Tag First Indicator Second Indicator Subfields
LEADER 00000cam a2200000 4500
001 in00000079333
005 20151008060827.0
008 790817r19551938nyua 00000 engec
010 |a a 56003388  
035 |a (OCoLC)05284893 
035 |9 AAJ6669AM 
040 |a North Carolina. Univ. Library  |c TXA  |d TXA  |d m.c.  |d TXA  |d UtOrBLW 
041 1 |a eng  |a fre 
049 |a TXAM  |c 1 [443368], 2 [250977] 
050 0 0 |a PQ1521.E5  |b S4 1955 
130 0 |a Chanson de Roland. 
245 1 4 |a The song of Roland /  |c done into English in the original measure by Charles Scott Moncrieff; with an introduction by Hamish Miles; illustrated & illuminated by Valenti Angelo. 
264 1 |a New York :  |b Heritage Press,  |c [1955?] 
264 4 |c [©1938] 
300 |a xii, 138 pages :  |b color illustrations ;  |c 27 cm. 
336 |a text  |b txt  |2 rdacontent 
337 |a unmediated  |b n  |2 rdamedia 
338 |a volume  |b nc  |2 rdacarrier 
500 |a Reprint of the 1938 edition published by The Limited Editions Club. 
630 0 0 |a Chanson de Roland. 
700 1 |a Scott-Moncrieff, C. K.  |q (Charles Kenneth),  |d 1889-1930. 
700 1 |a Miles, Hamish,  |d 1894-1937. 
700 1 |a Angelo, Valenti. 
999 |a MARS 
999 f f |s a944f60c-7ca5-3dbf-905e-21aa4dcb0472  |i a5538501-1d2f-3bcd-bf8d-f2eada720198  |t 0 
952 f f |p normal  |a Texas A&M University  |b College Station  |c Sterling C. Evans Library  |d Evans: Library Stacks  |t 0  |e PQ1521.E5 S4 1955  |h Library of Congress classification  |i unmediated -- volume  |m A14803753926 
998 f f |a PQ1521.E5 S4 1955  |t 0  |l Evans: Library Stacks